<?xml version="1.0" encoding="UTF-8"?>
<record
    xmlns:xsi="http://www.w3.org/2001/XMLSchema-instance"
    xsi:schemaLocation="http://www.loc.gov/MARC21/slim http://www.loc.gov/standards/marcxml/schema/MARC21slim.xsd"
    xmlns="http://www.loc.gov/MARC21/slim">

  <leader>01229njm a22002777a 4500</leader>
  <controlfield tag="005">20100909110752.0</controlfield>
  <controlfield tag="007">sd ammalaaahaa</controlfield>
  <controlfield tag="008">100907t        xxu||||| |||| 00| 0 eng d</controlfield>
  <datafield tag="028" ind1=" " ind2=" ">
    <subfield code="a">N. 55829</subfield>
    <subfield code="b">Angel Records</subfield>
  </datafield>
  <datafield tag="035" ind1=" " ind2=" ">
    <subfield code="a">GR-01904</subfield>
  </datafield>
  <datafield tag="040" ind1=" " ind2=" ">
    <subfield code="a">SED/VEN</subfield>
  </datafield>
  <datafield tag="100" ind1=" " ind2=" ">
    <subfield code="a">Bhosle, Asha and others</subfield>
    <subfield code="9">18700</subfield>
  </datafield>
  <datafield tag="245" ind1=" " ind2=" ">
    <subfield code="a">Aasirwad /</subfield>
    <subfield code="c">by Asha Bhosle,Hemlata,Ashok Kumar &amp; Chorus ; music by Vasant Desai ; lyrics by Gulzar</subfield>
  </datafield>
  <datafield tag="246" ind1=" " ind2=" ">
    <subfield code="a">&#x906;&#x936;&#x940;&#x930;&#x94D;&#x935;&#x93E;&#x926; /&#x906;&#x936;&#x93E; &#x92D;&#x94B;&#x938;&#x932;&#x947; &#x926;&#x94D;&#x935;&#x93E;&#x930;&#x93E; </subfield>
  </datafield>
  <datafield tag="260" ind1=" " ind2=" ">
    <subfield code="a">Dam Dam, India</subfield>
    <subfield code="b">His Master's Voice</subfield>
  </datafield>
  <datafield tag="300" ind1=" " ind2=" ">
    <subfield code="a">1 Sound Disc [Gramophone Record] :</subfield>
    <subfield code="b">analog.45 rpm</subfield>
    <subfield code="c">7.5 in (SP)</subfield>
    <subfield code="f">Gramophone Record</subfield>
  </datafield>
  <datafield tag="500" ind1=" " ind2=" ">
    <subfield code="a">Brief Record</subfield>
  </datafield>
  <datafield tag="505" ind1=" " ind2=" ">
    <subfield code="a">Side 1-Saaf karo insaaf karo ( &#x938;&#x93E;&#x92B;&#x93C; &#x915;&#x930;&#x94B; &#x907;&#x928;&#x94D;&#x938;&#x93E;&#x92B; &#x915;&#x930;&#x94B;-&#x967; )--Side-2 mujhpe eljame bewafai hai (&#x92E;&#x941;&#x91D;&#x92A;&#x947; &#x90F;&#x932;&#x94D;&#x91C;&#x93E;&#x92E;&#x947; &#x92C;&#x947;&#x935;&#x92B;&#x93E;&#x908; &#x939;&#x948;) (Asha Bhosle,Hemlata,Ashok Kumar &amp; Chorus)</subfield>
  </datafield>
  <datafield tag="650" ind1=" " ind2=" ">
    <subfield code="a">Classical Music</subfield>
    <subfield code="x">Excerpts</subfield>
    <subfield code="z">India</subfield>
    <subfield code="9">18707</subfield>
  </datafield>
  <datafield tag="700" ind1=" " ind2=" ">
    <subfield code="9">18701</subfield>
    <subfield code="a">Bhosle,Asha </subfield>
  </datafield>
  <datafield tag="700" ind1=" " ind2=" ">
    <subfield code="a">Hemlata</subfield>
    <subfield code="9">18729</subfield>
  </datafield>
  <datafield tag="700" ind1=" " ind2=" ">
    <subfield code="9">18702</subfield>
    <subfield code="a">Ashok Kumar </subfield>
  </datafield>
  <datafield tag="700" ind1=" " ind2=" ">
    <subfield code="a">Chorus</subfield>
    <subfield code="9">19401</subfield>
  </datafield>
  <datafield tag="942" ind1=" " ind2=" ">
    <subfield code="2">ddc</subfield>
    <subfield code="c">GR</subfield>
  </datafield>
  <datafield tag="999" ind1=" " ind2=" ">
    <subfield code="c">45040</subfield>
    <subfield code="d">45040</subfield>
  </datafield>
  <datafield tag="952" ind1=" " ind2=" ">
    <subfield code="0">0</subfield>
    <subfield code="1">0</subfield>
    <subfield code="2">ddc</subfield>
    <subfield code="4">0</subfield>
    <subfield code="7">1</subfield>
    <subfield code="8">NFIC</subfield>
    <subfield code="a">L</subfield>
    <subfield code="b">L</subfield>
    <subfield code="d">2010-09-10</subfield>
    <subfield code="e">SED/VEN</subfield>
    <subfield code="l">0</subfield>
    <subfield code="p">GR-01904</subfield>
    <subfield code="r">2010-09-10 00:00:00</subfield>
    <subfield code="t">1</subfield>
    <subfield code="w">2010-09-10</subfield>
    <subfield code="y">GR</subfield>
  </datafield>
</record>
